| 000 | 00456nam a2200145 a 4500 | ||
|---|---|---|---|
| 001 | 000034032 | ||
| 005 | 20200930070722.0 | ||
| 008 | 110921s1980 dr a 000 0 spa d | ||
| 040 |
_aDO-SdBNP _bspa _cBNPHU |
||
| 082 |
_axxx _bA516 |
||
| 100 | 1 |
_aAmiama Veloz, Luis _959478 |
|
| 245 | 1 | 0 |
_aCatálogo de sellos postales de la República Dominicana / _cLuis Amiama Veloz. |
| 260 |
_aSanto Domingo : _bImpresora Angel, _c1980. |
||
| 300 |
_a215 p. : _bil. ; _c21 cm. |
||
| 999 |
_c33523 _d33523 |
||